| 000 | 00964cam a2200301 a 4500 | ||
|---|---|---|---|
| 001 | 000019515 | ||
| 005 | 20200929170036.0 | ||
| 008 | 901210s1967 sp 001 e spa d | ||
| 035 | _a(DLC)ltf90024527 | ||
| 040 |
_aDO-SdBNP _cDLC _dDLC _dBNPHU |
||
| 082 |
_a864.5 _bB194ca, 1967 |
||
| 100 | 1 |
_aBalmes, Jaime Luciano, _d1810-1848 _932405 |
|
| 245 | 1 | 0 |
_aCartas a un escéptico en materia de religión / _cJaime Balmes. |
| 250 | _a5a ed. | ||
| 260 |
_aMadrid : _bEspasa-Calpe, _c1967. |
||
| 300 |
_a233 p. ; _c18 cm. |
||
| 490 | 1 |
_aAustral. Verde: ensayos y filosofía _v35 |
|
| 500 | _aIncluye índice de autores. | ||
| 650 | 4 |
_aEnsayos españoles _93095 |
|
| 650 | 4 |
_aLiteratura española _9632 |
|
| 650 | 4 |
_aFilosofía de la religión _94602 |
|
| 650 | 4 |
_aEscepticismo _941884 |
|
| 650 | 4 |
_aAgnosticismo _941885 |
|
| 830 | 0 |
_aAustral. _pVerde: ensayos y filosofía; _v35 _98733 |
|
| 910 | _aCatalogación derivada / LC | ||
| 910 | _aWM | ||
| 049 | _aBNGR | ||
| 999 |
_c19031 _d19031 |
||